[Event "4. Open Memorial Pedro Lezcano 2011"]
[Site "Gran Canaria ESP"]
[Date "2011.04.22"]
[Round "7.2"]
[White "Strikovic, Aleksa"]
[Black "Hernando Rodrigo, Jose Maria"]
[Result "1-0"]
[WhiteElo "2570"]
[BlackElo "2313"]
[PlyCount "67"]
[EventDate "2011.04.18"]
[EventType "swiss"]
[EventRounds "9"]
[EventCountry "ESP"]
[Source "lmi"]
[SourceDate "2011.04.18"]

1. e4 g6 2. d4 Bg7 3. Nc3 d6 4. h3 a6 5. a4 Nd7 6. Be3 b6 7. g3 Bb7 8. Bg2 e6
9. Nge2 Ne7 10. O-O d5 11. Qd2 Nf6 12. e5 Nd7 13. Na2 c5 14. c3 Rc8 15. b4 Bc6
16. b5 Bb7 17. Nac1 a5 18. Nd3 h6 19. g4 Kf8 20. Ng3 Kg8 21. f4 f5 22. exf6
Bxf6 23. f5 e5 24. fxg6 Nxg6 25. Nh5 Bg7 26. dxc5 bxc5 27. Nb4 Nb6 28. Nc6 Bxc6
29. bxc6 Rxc6 30. c4 Rc7 31. cxd5 Nc4 32. Qd3 Nxe3 33. Qxg6 Nxf1 34. Rxf1 1-0

[Event "4. Open Memorial Pedro Lezcano 2011"]
[Site "Gran Canaria ESP"]
[Date "2011.04.22"]
[Round "7.3"]
[White "Perez Aleman, Pedro Tomas"]
[Black "Kurajica, Bojan"]
[Result "1/2-1/2"]
[WhiteElo "2108"]
[BlackElo "2531"]
[PlyCount "123"]
[EventDate "2011.04.18"]
[EventType "swiss"]
[EventRounds "9"]
[EventCountry "ESP"]
[Source "lmi"]
[SourceDate "2011.04.18"]

1. e4 c5 2. Nf3 Nc6 3. d4 cxd4 4. Nxd4 Qb6 5. Nb5 a6 6. Be3 Qd8 7. Nd4 Nf6 8.
Nc3 e5 9. Nxc6 bxc6 10. Bc4 Bb4 11. O-O O-O 12. f3 d5 13. exd5 Bxc3 14. bxc3
Nxd5 15. Bf2 Be6 16. Qe1 f6 17. Bd3 Qe7 18. a4 a5 19. Rb1 Rfd8 20. Kh1 Bf7 21.
Bg1 Bg6 22. Bxg6 hxg6 23. c4 Nf4 24. Qe4 Qe6 25. Rfe1 Qf5 26. g3 Qxe4 27. Rxe4
Ne6 28. f4 Rd2 29. fxe5 f5 30. Ree1 Rxc2 31. Rb7 Kf8 32. Rd1 Rxc4 33. Rdd7 Re8
34. Ra7 Rxa4 35. Bc5+ Kg8 36. Bd6 Ra2 37. h4 Kh7 38. Kg1 g5 39. h5 g4 40. Rf7
c5 41. Rxf5 c4 42. Rf2 Rxf2 43. Kxf2 c3 44. Rxa5 c2 45. Ba3 Rf8+ 46. Kg2 Rc8
47. Bc1 Nd4 48. Ra3 Ne2 49. Ra1 Rb8 50. e6 Nd4 51. e7 Nf5 52. Ra7 Re8 53. Rc7
Rxe7 54. Rxc2 Re4 55. Bf4 Ra4 56. Rc7 Ra2+ 57. Kf1 Ra5 58. Rb7 Kg8 59. Rb6 Ra1+
60. Kf2 Ra2+ 61. Kf1 Ra1+ 62. Kf2 1/2-1/2

[Event "4. Open Memorial Pedro Lezcano 2011"]
[Site "Gran Canaria ESP"]
[Date "2011.04.22"]
[Round "7.4"]
[White "Vera Gonzalez-Quevedo, Reynaldo"]
[Black "Menvielle Laccourreye, Augusto"]
[Result "1-0"]
[WhiteElo "2518"]
[BlackElo "2265"]
[PlyCount "79"]
[EventDate "2011.04.18"]
[EventType "swiss"]
[EventRounds "9"]
[EventCountry "ESP"]
[Source "lmi"]
[SourceDate "2011.04.18"]

1. d4 f5 2. g3 d6 3. Nf3 Nf6 4. Bg2 g6 5. O-O Bg7 6. b3 O-O 7. Bb2 c6 8. c4 Ne4
9. Nbd2 Nxd2 10. Qxd2 Nd7 11. d5 Bxb2 12. Qxb2 c5 13. e4 fxe4 14. Ng5 Nf6 15.
Rae1 Bf5 16. Nxe4 Nxe4 17. Bxe4 Qd7 18. Re3 Rf7 19. Rfe1 Raf8 20. Bxf5 gxf5 21.
Qe2 f4 22. Rxe7 Qf5 23. Rxf7 Rxf7 24. g4 Qg5 25. f3 h5 26. Qe6 Kg7 27. Qxd6
hxg4 28. Qe5+ Qxe5 29. Rxe5 Kf6 30. Rh5 gxf3 31. Kf2 Kg6 32. Rh8 Kf5 33. Kxf3
Ke5 34. Re8+ Kd6 35. Re6+ Kd7 36. Rh6 a6 37. h4 Re7 38. h5 b5 39. Rxa6 bxc4 40.
bxc4 1-0

[Event "4. Open Memorial Pedro Lezcano 2011"]
[Site "Gran Canaria ESP"]
[Date "2011.04.22"]
[Round "7.5"]
[White "Del Rey, Diego"]
[Black "Alvarado Ascanio, Francisco"]
[Result "1-0"]
[WhiteElo "2364"]
[BlackElo "2195"]
[PlyCount "83"]
[EventDate "2011.04.18"]
[EventType "swiss"]
[EventRounds "9"]
[EventCountry "ESP"]
[Source "lmi"]
[SourceDate "2011.04.18"]

1. Nf3 e6 2. c4 d5 3. g3 Nf6 4. Bg2 Be7 5. O-O O-O 6. b3 c5 7. Bb2 Nc6 8. d3 b6
9. Nbd2 Bb7 10. Ne5 Nxe5 11. Bxe5 Ng4 12. Bb2 Bf6 13. Qc2 Bxb2 14. Qxb2 Qf6 15.
Rab1 Rfd8 16. b4 Qxb2 17. Rxb2 Rac8 18. cxd5 Bxd5 19. Bxd5 exd5 20. bxc5 Rxc5
21. Nb3 Rc7 22. Nd4 Rc5 23. a4 Ne5 24. Rb5 Rdc8 25. Nb3 Rxb5 26. axb5 Ng6 27.
Nd4 Ne7 28. Ra1 Rc7 29. f4 Kf8 30. f5 h5 31. Kf2 Ke8 32. Ke3 Kd7 33. Kf4 Kc8
34. Kg5 Kb7 35. Kxh5 Nxf5 36. Nxf5 g6+ 37. Kg5 gxf5 38. h4 Rc5 39. Rb1 d4 40.
Kf6 f4 41. g4 Rc2 42. Rh1 1-0

[Event "4. Open Memorial Pedro Lezcano 2011"]
[Site "Gran Canaria ESP"]
[Date "2011.04.22"]
[Round "7.6"]
[White "Perez Felipe, Marcos Adrian"]
[Black "Molina Rodriguez, Borja"]
[Result "1-0"]
[WhiteElo "2310"]
[BlackElo "2079"]
[PlyCount "61"]
[EventDate "2011.04.18"]
[EventType "swiss"]
[EventRounds "9"]
[EventCountry "ESP"]
[Source "lmi"]
[SourceDate "2011.04.18"]

1. d4 Nf6 2. Nf3 e6 3. g3 b6 4. Bg2 Bb7 5. c4 Be7 6. O-O O-O 7. Re1 c5 8. d5
exd5 9. Nh4 Ne4 10. cxd5 Bxh4 11. Bxe4 Bf6 12. Nc3 d6 13. Bf4 Qe7 14. Qc2 h6
15. a4 Na6 16. Bg2 Nb4 17. Qb3 a6 18. Rad1 Rfe8 19. e4 Qd7 20. Be3 b5 21. axb5
axb5 22. f4 Ra5 23. e5 Be7 24. Ne4 Na6 25. Bf2 Rc8 26. Qf3 c4 27. Qh5 Rf8 28.
Bh3 Qc7 29. f5 Qd8 30. f6 gxf6 31. Qxh6 1-0

[Event "4. Open Memorial Pedro Lezcano 2011"]
[Site "Gran Canaria ESP"]
[Date "2011.04.22"]
[Round "7.7"]
[White "Rodriguez Lapetra, Pablo"]
[Black "Cabrera Trujillo, Jorge"]
[Result "1/2-1/2"]
[WhiteElo "2105"]
[BlackElo "2392"]
[PlyCount "37"]
[EventDate "2011.04.18"]
[EventType "swiss"]
[EventRounds "9"]
[EventCountry "ESP"]
[Source "lmi"]
[SourceDate "2011.04.18"]

1. e4 c5 2. Nf3 d6 3. g3 Nc6 4. Bg2 g6 5. O-O Bg7 6. d3 e5 7. c3 Nge7 8. a3 h6
9. b4 Be6 10. Re1 O-O 11. Bb2 Qd7 12. Nbd2 Rfd8 13. Nb3 a5 14. b5 Na7 15. a4
Nac8 16. d4 exd4 17. cxd4 Nb6 18. Qc2 c4 19. d5 1/2-1/2

[Event "4. Open Memorial Pedro Lezcano 2011"]
[Site "Gran Canaria ESP"]
[Date "2011.04.22"]
[Round "7.8"]
[White "Alvarado Diaz, Alejandro"]
[Black "Vega Gutierrez, Belinda"]
[Result "1-0"]
[WhiteElo "2104"]
[BlackElo "2255"]
[PlyCount "71"]
[EventDate "2011.04.18"]
[EventType "swiss"]
[EventRounds "9"]
[EventCountry "ESP"]
[Source "lmi"]
[SourceDate "2011.04.18"]

1. d4 d5 2. Nf3 c6 3. e3 Bf5 4. Bd3 Bxd3 5. Qxd3 Nd7 6. O-O Qc7 7. c4 dxc4 8.
Qxc4 Ngf6 9. Nc3 a6 10. b4 e5 11. Rb1 Bd6 12. h3 O-O 13. Bd2 h6 14. dxe5 Bxe5
15. Rfc1 b5 16. Qh4 c5 17. a4 Bxc3 18. Bxc3 bxa4 19. bxc5 Rab8 20. Ra1 Rb5 21.
Bd4 Qc6 22. Rxa4 Re8 23. Raa1 Nxc5 24. Bxf6 Qxf6 25. Qxf6 gxf6 26. Nd4 Nb3 27.
Nxb3 Rxb3 28. Rxa6 Kg7 29. Rcc6 f5 30. Rxh6 f4 31. exf4 Re1+ 32. Kh2 Re2 33.
Rh4 Rxf2 34. Rg4+ Kf8 35. h4 f5 36. Rf6+ 1-0

[Event "4. Open Memorial Pedro Lezcano 2011"]
[Site "Gran Canaria ESP"]
[Date "2011.04.22"]
[Round "7.9"]
[White "Martin Hernandez, Ruben"]
[Black "Garcia Blanco, Omar"]
[Result "0-1"]
[WhiteElo "2095"]
[BlackElo "2209"]
[PlyCount "124"]
[EventDate "2011.04.18"]
[EventType "swiss"]
[EventRounds "9"]
[EventCountry "ESP"]
[Source "lmi"]
[SourceDate "2011.04.18"]

1. e4 c5 2. Nf3 Nc6 3. d4 cxd4 4. Nxd4 e6 5. Nc3 Qc7 6. Be2 a6 7. O-O Nf6 8.
Be3 Be7 9. Kh1 O-O 10. f4 d6 11. Nb3 b5 12. Bf3 Bb7 13. a3 Rac8 14. Qe1 b4 15.
axb4 Nxb4 16. Qf2 d5 17. e5 Ne4 18. Bxe4 dxe4 19. Rfd1 g6 20. Bb6 Qb8 21. Rd7
Rfe8 22. Na5 Bc6 23. Nxc6 Rxc6 24. Bd4 Qc8 25. Rxe7 Rxe7 26. Nxe4 Nd5 27. Nd6
Qc7 28. c3 Rd7 29. Ne4 f5 30. exf6 Qxf4 31. Qe2 e5 32. Rf1 exd4 33. Rxf4 Nxf4
34. Qg4 Ne6 35. h4 dxc3 36. bxc3 Rf7 37. Qf3 Nf8 38. Ng5 Rfxf6 39. Qd5+ Kg7 40.
Ne4 Rf1+ 41. Kh2 Re6 42. Nc5 Ref6 43. Nxa6 R1f5 44. Qd3 Rf4 45. Kh3 Ne6 46. Nb4
g5 47. Qd7+ Kh6 48. hxg5+ Nxg5+ 49. Kh2 Rg6 50. Nd5 Nf3+ 51. gxf3 Rh4+ 52. Qh3
Rxh3+ 53. Kxh3 Rc6 54. Kg3 Rc5 55. Ne3 Rxc3 56. Ng4+ Kg5 57. Nf2 Ra3 58. Nh3+
Kf5 59. Nf2 h5 60. Nh3 Ra4 61. f4 Ra8 62. Kh4 Rg8 0-1

[Event "4. Open Memorial Pedro Lezcano 2011"]
[Site "Gran Canaria ESP"]
[Date "2011.04.22"]
[Round "7.10"]
[White "Gutierrez Olivares, Daniel"]
[Black "Sanchez Quintero, Raul"]
[Result "1/2-1/2"]
[WhiteElo "2205"]
[BlackElo "2054"]
[PlyCount "76"]
[EventDate "2011.04.18"]
[EventType "swiss"]
[EventRounds "9"]
[EventCountry "ESP"]
[Source "lmi"]
[SourceDate "2011.04.18"]

1. c4 e5 2. Nc3 Bb4 3. Nd5 Ba5 4. b4 c6 5. bxa5 cxd5 6. cxd5 Nf6 7. Qa4 O-O 8.
e4 d6 9. Ba3 Ne8 10. Nf3 f5 11. d3 Na6 12. Bb4 Bd7 13. Qb3 Rc8 14. Be2 Nxb4 15.
Qxb4 Rc2 16. Bd1 Rc5 17. a6 bxa6 18. O-O Bb5 19. Nxe5 fxe4 20. Bg4 Bxd3 21.
Be6+ Kh8 22. Nxd3 exd3 23. Qd4 Qf6 24. Qxd3 Nc7 25. Rae1 Nb5 26. a4 Rc3 27. Qe4
Na3 28. Re3 Nc4 29. Rxc3 Qxc3 30. Rd1 Ne5 31. h4 Qc5 32. Qd4 Qc2 33. f4 Ng6 34.
g3 Qb3 35. Kh2 Qf3 36. Rb1 h5 37. Rb7 Qe2+ 38. Kg1 Ne5 1/2-1/2

[Event "4. Open Memorial Pedro Lezcano 2011"]
[Site "Gran Canaria ESP"]
[Date "2011.04.22"]
[Round "7.11"]
[White "Natalicchio Escalante, Nicolas"]
[Black "Acosta Sosa, Juan Manuel"]
[Result "1-0"]
[WhiteElo "2201"]
[BlackElo "2066"]
[PlyCount "49"]
[EventDate "2011.04.18"]
[EventType "swiss"]
[EventRounds "9"]
[EventCountry "ESP"]
[Source "lmi"]
[SourceDate "2011.04.18"]

1. e4 c5 2. Nc3 Nc6 3. f4 g6 4. Nf3 Bg7 5. Bb5 Nd4 6. O-O a6 7. Bc4 d6 8. Nxd4
cxd4 9. Ne2 e6 10. d3 Ne7 11. Bb3 O-O 12. Qe1 Nc6 13. Bd2 Bd7 14. g4 Qe7 15.
Qf2 Kh8 16. Rae1 Bf6 17. g5 Bg7 18. h4 f6 19. Qg3 h5 20. f5 e5 21. fxg6 Be6 22.
Bxe6 Qxe6 23. Qf3 Qg4+ 24. Qxg4 hxg4 25. h5 1-0

[Event "4. Open Memorial Pedro Lezcano 2011"]
[Site "Gran Canaria ESP"]
[Date "2011.04.22"]
[Round "7.12"]
[White "Fernandez Manrique, Agustin"]
[Black "Nortes Hernandez, Pedro"]
[Result "1-0"]
[WhiteElo "2158"]
[BlackElo "2034"]
[PlyCount "81"]
[EventDate "2011.04.18"]
[EventType "swiss"]
[EventRounds "9"]
[EventCountry "ESP"]
[Source "lmi"]
[SourceDate "2011.04.18"]

1. c4 e6 2. g3 Nf6 3. Bg2 d5 4. Nf3 c6 5. b3 Be7 6. O-O Nbd7 7. d4 O-O 8. Qc2
b6 9. Bb2 Bb7 10. Nc3 Rc8 11. e4 dxe4 12. Nxe4 c5 13. Nxf6+ Nxf6 14. Rad1 Qc7
15. dxc5 Qxc5 16. Ng5 Bxg2 17. Bxf6 g6 18. Nxe6 Qc6 19. Bxe7 Qxe6 20. Kxg2 Qxe7
21. Rfe1 Qc5 22. Qe4 Rfd8 23. h4 Qa3 24. Rxd8+ Rxd8 25. Qe7 Qxe7 26. Rxe7 a5
27. Ra7 Rd2 28. c5 bxc5 29. Rxa5 Rc2 30. a4 c4 31. b4 Rb2 32. b5 Kg7 33. Ra6
Rb4 34. Kf3 c3 35. Ke2 Rd4 36. Rc6 Rxa4 37. Kd3 Rb4 38. b6 Kf8 39. Kxc3 Rb1 40.
Kd4 Ke7 41. Kc5 1-0

[Event "4. Open Memorial Pedro Lezcano 2011"]
[Site "Gran Canaria ESP"]
[Date "2011.04.22"]
[Round "7.13"]
[White "Meneses Gonzalez, Kevin Moises"]
[Black "Santos Izquierdo, Carlos"]
[Result "1-0"]
[WhiteElo "2150"]
[BlackElo "1820"]
[PlyCount "55"]
[EventDate "2011.04.18"]
[EventType "swiss"]
[EventRounds "9"]
[EventCountry "ESP"]
[Source "lmi"]
[SourceDate "2011.04.18"]

1. e4 d6 2. d4 g6 3. Nc3 c6 4. f4 d5 5. e5 h5 6. Nf3 Bg4 7. Be3 Nh6 8. Be2 e6
9. Qd2 a6 10. O-O-O Nd7 11. h3 Bxf3 12. Bxf3 Nf5 13. Bf2 h4 14. Ne2 c5 15. c4
cxd4 16. cxd5 exd5 17. Nxd4 Nxd4 18. Bxd4 Nb6 19. e6 Nc4 20. Qd3 Rh7 21. Rhe1
Bb4 22. exf7+ Kxf7 23. Re6 Kxe6 24. Qxg6+ Kd7 25. Qxh7+ Qe7 26. Qf5+ Kc7 27.
Qxd5 Nd6 28. a3 1-0

[Event "4. Open Memorial Pedro Lezcano 2011"]
[Site "Gran Canaria ESP"]
[Date "2011.04.22"]
[Round "7.14"]
[White "Rodriguez Melian, Jose Luis"]
[Black "Arana Herrera, Antonio"]
[Result "1-0"]
[WhiteElo "2141"]
[BlackElo "1819"]
[PlyCount "72"]
[EventDate "2011.04.18"]
[EventType "swiss"]
[EventRounds "9"]
[EventCountry "ESP"]
[Source "lmi"]
[SourceDate "2011.04.18"]

1. d4 Nf6 2. c4 e5 3. dxe5 Ng4 4. Bf4 Bb4+ 5. Nd2 Nc6 6. Ngf3 Qe7 7. a3 Ngxe5
8. Nxe5 Nxe5 9. e3 Bxd2+ 10. Qxd2 d6 11. Be2 O-O 12. O-O b6 13. Rac1 Bb7 14. b4
c5 15. Rfd1 Rad8 16. Qc3 Ng6 17. Bg3 f5 18. Bf1 h5 19. h3 Be4 20. f3 Bc6 21. b5
Bb7 22. Rd2 Rfe8 23. Kf2 h4 24. Bh2 Ne5 25. Rcd1 Nf7 26. Bd3 Qxe3+ 27. Kf1 Bxf3
28. gxf3 Qxf3+ 29. Kg1 Ng5 30. Bxd6 Rxd6 31. Qc2 Nxh3+ 32. Kh2 Qg3+ 33. Kh1
Rxd3 34. Qxd3 Re3 35. Qd8+ Kh7 36. Rf1 f4 1-0

[Event "4. Open Memorial Pedro Lezcano 2011"]
[Site "Gran Canaria ESP"]
[Date "2011.04.22"]
[Round "7.15"]
[White "Herrera Reyes, Jose Antonio"]
[Black "Viera Falcon, Cristo"]
[Result "1/2-1/2"]
[WhiteElo "2111"]
[BlackElo "1805"]
[PlyCount "130"]
[EventDate "2011.04.18"]
[EventType "swiss"]
[EventRounds "9"]
[EventCountry "ESP"]
[Source "lmi"]
[SourceDate "2011.04.18"]

1. e4 d5 2. exd5 Nf6 3. c4 c6 4. Nc3 cxd5 5. cxd5 Nxd5 6. Nf3 Nc6 7. Bc4 Nb6 8.
Bb3 g6 9. d4 Bg7 10. Be3 O-O 11. h3 Na5 12. Bc2 Nac4 13. Bc1 e5 14. d5 e4 15.
Nxe4 Nxb2 16. Bxb2 Bxb2 17. Rb1 Bg7 18. d6 Be6 19. Bb3 Bxb3 20. Rxb3 Re8 21.
Re3 Nc4 22. Re2 Qa5+ 23. Kf1 Rad8 24. g3 Nxd6 25. Nxd6 Rxe2 26. Qxe2 Rxd6 27.
Kg2 Qd5 28. Rc1 Rc6 29. Rd1 Re6 30. Qc2 Qc6 31. Rd8+ Bf8 32. Qb2 Qb6 33. Qxb6
Rxb6 34. Ne5 Rd6 35. Rb8 f6 36. Ng4 Rb6 37. Ne3 Kg7 38. Nd5 Rb2 39. Nc7 Be7 40.
a4 Kh6 41. Ne6 Rb6 42. Nd4 Bc5 43. Ne2 Rb2 44. Kf3 Ra2 45. Rxb7 Rxa4 46. g4
Ra3+ 47. Kg2 g5 48. Ng3 Kg6 49. Nf5 Bf8 50. Rb8 Kf7 51. Rb7+ Ke6 52. Nd4+ Kd5
53. Nc2 Ra2 54. Ne3+ Ke6 55. Rxh7 Bc5 56. Kf3 a5 57. Rc7 Bxe3 58. fxe3 a4 59.
Ke4 a3 60. Rc6+ Kf7 61. Ra6 Kg6 62. Ra7 Rh2 63. Rxa3 Rxh3 64. Kd3 Rg3 65. Ra4
Rg1 1/2-1/2

[Event "4. Open Memorial Pedro Lezcano 2011"]
[Site "Gran Canaria ESP"]
[Date "2011.04.22"]
[Round "7.16"]
[White "Aguilera Suarez, Antonio"]
[Black "Garcia Padron, Jose"]
[Result "0-1"]
[WhiteElo "1829"]
[BlackElo "2434"]
[PlyCount "36"]
[EventDate "2011.04.18"]
[EventType "swiss"]
[EventRounds "9"]
[EventCountry "ESP"]
[Source "lmi"]
[SourceDate "2011.04.18"]

1. e4 e5 2. Bc4 Nf6 3. Nf3 Nxe4 4. Nxe5 d5 5. Qf3 Be6 6. Bb3 Qg5 7. Bxd5 Bxd5
8. Nxf7 Qe7 9. Nxh8 Ng3+ 10. Qe3 Nxh1 11. Kf1 Nc6 12. b3 O-O-O 13. Bb2 Qd7 14.
Nc3 Re8 15. Qd3 Be6 16. Qxd7+ Kxd7 17. Kg1 Nxf2 18. Kxf2 Bc5+ 0-1

[Event "4. Open Memorial Pedro Lezcano 2011"]
[Site "Gran Canaria ESP"]
[Date "2011.04.22"]
[Round "7.17"]
[White "Korneev, Svyatoslav"]
[Black "Camino Carrio, Nicanor"]
[Result "1/2-1/2"]
[WhiteElo "1846"]
[BlackElo "2147"]
[PlyCount "77"]
[EventDate "2011.04.18"]
[EventType "swiss"]
[EventRounds "9"]
[EventCountry "ESP"]
[Source "lmi"]
[SourceDate "2011.04.18"]

1. c4 Nf6 2. Nc3 g6 3. g3 Bg7 4. Bg2 O-O 5. d3 d6 6. e3 c5 7. Nge2 Nc6 8. O-O
Bd7 9. Rb1 Rb8 10. a3 a6 11. b4 cxb4 12. axb4 b5 13. cxb5 axb5 14. f4 Qc8 15.
Bd2 Bh3 16. Qb3 Bxg2 17. Kxg2 Ne8 18. Rfc1 Qb7 19. Kg1 e6 20. Ne4 Rd8 21. Bc3
e5 22. Ba1 Qb6 23. Kf2 d5 24. Nc5 Nf6 25. h3 Rfe8 26. Qc2 Rc8 27. Ng1 exf4 28.
gxf4 d4 29. e4 Nh5 30. Ne2 Qd8 31. Kg2 Nxf4+ 32. Nxf4 Qg5+ 33. Kh1 Qxf4 34. Rf1
Qg3 35. Qg2 Qh4 36. Rxf7 Ne5 37. Rxg7+ Kxg7 38. Bxd4 Kg8 39. Rf1 1/2-1/2

[Event "4. Open Memorial Pedro Lezcano 2011"]
[Site "Gran Canaria ESP"]
[Date "2011.04.22"]
[Round "7.18"]
[White "Lopez Pereyra, Antonio"]
[Black "Rodriguez Perez, David"]
[Result "1-0"]
[WhiteElo "2119"]
[BlackElo "2029"]
[PlyCount "105"]
[EventDate "2011.04.18"]
[EventType "swiss"]
[EventRounds "9"]
[EventCountry "ESP"]
[Source "lmi"]
[SourceDate "2011.04.18"]

1. e4 c5 2. d4 cxd4 3. c3 d3 4. Bxd3 d6 5. Nf3 g6 6. Be3 Bg7 7. Nbd2 Nf6 8. h3
Nbd7 9. O-O O-O 10. Qe2 a6 11. Nb3 b6 12. Rad1 Qc7 13. Bf4 Bb7 14. Bh2 Rad8 15.
Nfd4 Qc8 16. f4 e6 17. f5 e5 18. Ne6 fxe6 19. fxe6 Rfe8 20. exd7 Rxd7 21. Rf2
Rdd8 22. Rdf1 Rf8 23. Nd2 h6 24. Bc2 Kh7 25. Nf3 Nh5 26. Nh4 Rxf2 27. Rxf2 Rf8
28. Rxf8 Bxf8 29. Bb3 Qd8 30. Qf2 Bxe4 31. Qf7+ Bg7 32. g4 Nf6 33. Bg3 Qd7 34.
Qc4 b5 35. Qe2 Qc6 36. Kh2 a5 37. a3 a4 38. Ba2 Bd5 39. Bb1 Be4 40. Ba2 Nd7 41.
Qf2 Bf6 42. Be6 Kg7 43. Qa7 Qb7 44. Qxb7 Bxb7 45. Bxd7 Bxh4 46. Bxh4 g5 47. Bf2
Ba6 48. Kg3 Kf7 49. Be3 Ke7 50. Bc6 Ke6 51. h4 Kf6 52. hxg5+ hxg5 53. Kf3 1-0

[Event "4. Open Memorial Pedro Lezcano 2011"]
[Site "Gran Canaria ESP"]
[Date "2011.04.22"]
[Round "7.19"]
[White "Lopez Colon, Francisco"]
[Black "Perez Celis, Alba"]
[Result "1-0"]
[WhiteElo "2099"]
[BlackElo "1843"]
[PlyCount "195"]
[EventDate "2011.04.18"]
[EventType "swiss"]
[EventRounds "9"]
[EventCountry "ESP"]
[Source "lmi"]
[SourceDate "2011.04.18"]

1. d4 d5 2. c4 e6 3. Nc3 Nf6 4. Bg5 Nbd7 5. e3 c6 6. Nf3 Qa5 7. Nd2 Be7 8. Bf4
O-O 9. Bd3 Re8 10. O-O Nf8 11. c5 Ng6 12. Bg3 Bf8 13. f4 Qd8 14. b4 b6 15. Na4
b5 16. Nc3 a6 17. Nb3 Bb7 18. Na5 Ra7 19. a4 Ba8 20. Ra3 Rae7 21. Bf2 Nd7 22.
h4 f5 23. h5 Nh8 24. g4 Rf7 25. g5 e5 26. Nb3 exf4 27. exf4 g6 28. axb5 axb5
29. Re1 Be7 30. h6 Rff8 31. Qd2 Nf7 32. Be3 Qb8 33. Rea1 Bb7 34. Na5 Ba8 35.
Ne2 Nd8 36. Kg2 Ne6 37. Nb3 Bb7 38. Rf1 Bd8 39. Kf3 Re7 40. Bb1 Rfe8 41. Nbc1
Bc7 42. Kg2 Kf7 43. Rf3 Kg8 44. Nd3 Kf8 45. Ne5 Nxe5 46. fxe5 Qc8 47. Bf4 Kg8
48. Rg3 Rf8 49. Be3 Bb8 50. Nf4 Nxf4+ 51. Bxf4 Qe6 52. Ba2 Rd8 53. Bb3 Kf8 54.
Kf3 Red7 55. Bc2 Rf7 56. Bd3 Re7 57. Rg1 Rdd7 58. Qe2 Rf7 59. Rga1 Kg8 60. Rb1
Rf8 61. Bxb5 cxb5 62. Qxb5 Rc8 63. Qd3 Rdc7 64. Kg3 Kf8 65. b5 Ke7 66. Rc3 Ba8
67. Qc2 Ra7 68. c6 Kd8 69. b6 Rxc6 70. bxa7 Bxa7 71. Rxc6 Qxc6 72. Qxc6 Bxc6
73. Be3 Kc7 74. Kf4 Kd7 75. Rb4 Ke6 76. Bc1 Kd7 77. Bb2 Kc7 78. Rb3 Bd7 79. Ra3
Kb6 80. Bc3 Kb7 81. Ke3 Bb6 82. Rb3 Kc6 83. Rb2 Bd8 84. Kf4 Bb6 85. Rd2 Kb5 86.
Rb2+ Kc6 87. Ra2 Kb7 88. Rc2 Ka6 89. Re2 Be6 90. Bb2 Kb7 91. Rd2 Bd7 92. Ba3
Kc6 93. Rc2+ Kb5 94. Bc5 Ba5 95. Rb2+ Kc6 96. Ra2 Be1 97. e6 Bxe6 98. Re2 1-0

[Event "4. Open Memorial Pedro Lezcano 2011"]
[Site "Gran Canaria ESP"]
[Date "2011.04.22"]
[Round "7.20"]
[White "Rodriguez Ferraz, Borja"]
[Black "Buet, Samuel"]
[Result "1/2-1/2"]
[WhiteElo "2079"]
[BlackElo "1858"]
[PlyCount "47"]
[EventDate "2011.04.18"]
[EventType "swiss"]
[EventRounds "9"]
[EventCountry "ESP"]
[Source "lmi"]
[SourceDate "2011.04.18"]

1. d4 Nf6 2. c4 c5 3. d5 e5 4. Nc3 d6 5. e4 Be7 6. f4 exf4 7. Bxf4 O-O 8. Bd3
Re8 9. Nge2 Bf8 10. O-O a6 11. Ng3 Nbd7 12. Qc2 Ne5 13. Rae1 Nfg4 14. h3 Nxd3
15. Qxd3 Ne5 16. Bxe5 Rxe5 17. Qf3 Qe8 18. Re2 Ra7 19. a4 b6 20. b3 g6 21. Ref2
Bg7 22. Qd3 Qd8 23. Kh1 Qh4 24. Rf4 1/2-1/2

[Event "4. Open Memorial Pedro Lezcano 2011"]
[Site "Gran Canaria ESP"]
[Date "2011.04.22"]
[Round "7.21"]
[White "Perez Rosales, Pedro"]
[Black "Perez Barreto, Adrian"]
[Result "1-0"]
[WhiteElo "2148"]
[BlackElo "1861"]
[PlyCount "120"]
[EventDate "2011.04.18"]
[EventType "swiss"]
[EventRounds "9"]
[EventCountry "ESP"]
[Source "lmi"]
[SourceDate "2011.04.18"]

1. Nf3 Nf6 2. d3 g6 3. e4 d6 4. Nbd2 Bg7 5. g3 Bg4 6. Bg2 Nc6 7. h3 Bxf3 8.
Nxf3 O-O 9. O-O e5 10. c3 d5 11. Qc2 dxe4 12. dxe4 Qe7 13. Be3 Rad8 14. Nd2 h6
15. Qa4 a6 16. Nb3 Nd7 17. Qc4 Nb6 18. Qe2 Nd7 19. g4 Ncb8 20. Rfd1 c5 21. Rd5
b6 22. a4 a5 23. Qb5 Nf6 24. Rxd8 Qxd8 25. Bf3 Qc7 26. Nd2 Nc6 27. Nc4 Rb8 28.
Rd1 Bf8 29. g5 hxg5 30. Bxg5 Nh7 31. Bh4 g5 32. Bg3 Nf6 33. Ne3 Ne7 34. h4 Bh6
35. Ng4 Nxg4 36. Bxg4 Rd8 37. Rxd8+ Qxd8 38. h5 Bg7 39. Qd7 Qxd7 40. Bxd7 Kf8
41. f3 Ng8 42. Kf2 Nf6 43. Bg4 Nxg4+ 44. fxg4 f6 45. Ke2 Ke7 46. Kd3 Kd6 47.
Kc4 Kc6 48. Be1 Bh6 49. b4 Bg7 50. bxc5 bxc5 51. Bf2 Bf8 52. Be3 Be7 53. h6 Bf8
54. h7 Bg7 55. Bxc5 Bh8 56. Bf8 Kd7 57. Kb5 f5 58. gxf5 g4 59. Bc5 g3 60. Bg1
g2 1-0

[Event "4. Open Memorial Pedro Lezcano 2011"]
[Site "Gran Canaria ESP"]
[Date "2011.04.22"]
[Round "7.22"]
[White "Gonzalez Intelangelo, Gerardo"]
[Black "Martinez Molina, Jose Juan"]
[Result "1-0"]
[WhiteElo "2061"]
[BlackElo "1822"]
[PlyCount "67"]
[EventDate "2011.04.18"]
[EventType "swiss"]
[EventRounds "9"]
[EventCountry "ESP"]
[Source "lmi"]
[SourceDate "2011.04.18"]

1. c4 e6 2. Nf3 Nf6 3. g3 b6 4. Bg2 Bb7 5. d3 Be7 6. Nc3 O-O 7. O-O d6 8. e4
Nc6 9. d4 Na5 10. Qe2 Ba6 11. b3 Rb8 12. Re1 Re8 13. Qc2 c5 14. Bb2 Nc6 15.
Rad1 cxd4 16. Nxd4 Nxd4 17. Rxd4 Qc7 18. Red1 b5 19. cxb5 Bxb5 20. Qb1 Bc6 21.
Ba3 a5 22. Qd3 Kh8 23. Bxd6 Bxd6 24. Rxd6 Ng4 25. Qd4 Ba8 26. Rd7 Qb6 27. Qxb6
Rxb6 28. Rxf7 Ne5 29. Rc7 Rc6 30. Rxc6 Bxc6 31. h3 a4 32. f4 Nf7 33. Nxa4 g5
34. Kf2 1-0

[Event "4. Open Memorial Pedro Lezcano 2011"]
[Site "Gran Canaria ESP"]
[Date "2011.04.22"]
[Round "7.23"]
[White "Navarro Molina, David"]
[Black "Marrero Cardenes, Agustin"]
[Result "1-0"]
[WhiteElo "2055"]
[BlackElo "1820"]
[PlyCount "41"]
[EventDate "2011.04.18"]
[EventType "swiss"]
[EventRounds "9"]
[EventCountry "ESP"]
[Source "lmi"]
[SourceDate "2011.04.18"]

1. d4 d5 2. c4 c6 3. Nf3 Nf6 4. e3 e6 5. Nc3 Nbd7 6. Bd3 dxc4 7. Bxc4 b5 8. Bd3
Be7 9. O-O O-O 10. Bd2 Bb7 11. Qc2 Bd6 12. Ng5 h6 13. Nge4 Bxh2+ 14. Kxh2 Ng4+
15. Kh3 f5 16. Ng3 Qg5 17. f4 Qg6 18. e4 Ngf6 19. Qd1 Ng4 20. exf5 exf5 21. Qc2
1-0

[Event "4. Open Memorial Pedro Lezcano 2011"]
[Site "Gran Canaria ESP"]
[Date "2011.04.22"]
[Round "7.24"]
[White "Lopez De Turiso, Jose Angel"]
[Black "Ramirez Medina, Victor"]
[Result "1-0"]
[WhiteElo "2053"]
[BlackElo "1810"]
[PlyCount "47"]
[EventDate "2011.04.18"]
[EventType "swiss"]
[EventRounds "9"]
[EventCountry "ESP"]
[Source "lmi"]
[SourceDate "2011.04.18"]

1. d4 d5 2. c4 c6 3. cxd5 cxd5 4. Nc3 Nc6 5. e4 dxe4 6. d5 Ne5 7. Qa4+ Bd7 8.
Qxe4 Ng6 9. Nb5 Qb6 10. Be3 Qa5+ 11. b4 Nf6 12. bxa5 Nxe4 13. Nc7+ Kd8 14. Nxa8
e6 15. Rb1 exd5 16. Bxa7 Bc6 17. Bb6+ Kd7 18. Bd4 f6 19. Nb6+ Kc7 20. Nf3 Bd6
21. Bb5 Re8 22. O-O Nf4 23. g3 Ne6 24. Nxd5+ 1-0